| 000 | 00382nam a22001217a 4500 | ||
|---|---|---|---|
| 082 | _a200 THE | ||
| 100 |
_aMuhammad Armaghan Akhtar _970116 |
||
| 245 | _aTH-SOF-1256-HOMECARE HUMAN TRACKING ROBOT USING POMDP TECHNIQUE | ||
| 260 |
_aIslamabad _bNUST College of EME _c2016 |
||
| 650 |
_a MS-MTS-74 MSTHESIS _970045 |
||
| 700 |
_aSupervisor Dr. Kunwar Faraz Ahmed _970117 |
||
| 942 | _cCF | ||
| 999 |
_c577151 _d577151 |
||